RICS Professional Competency Mapping Framework for Programme Appraisal and Benchmarking (Record no. 121758)
[ view plain ]
| 000 -LEADER | |
|---|---|
| fixed length control field | 01618cam a2200301 4500 |
| 008 - FIXED-LENGTH DATA ELEMENTS--GENERAL INFORMATION | |
| fixed length control field | 040913t2013 000 0 eng u |
| 041 ## - LANGUAGE CODE | |
| Language code of text/sound track or separate title | eng |
| 110 2# - MAIN ENTRY--CORPORATE NAME | |
| Corporate name or jurisdiction name as entry element | Royal Institution of Chartered Surveyors |
| 9 (RLIN) | 4900 |
| 245 00 - TITLE STATEMENT | |
| Title | RICS Professional Competency Mapping Framework for Programme Appraisal and Benchmarking |
| Medium | [electronic resource] |
| 260 ## - PUBLICATION, DISTRIBUTION, ETC. | |
| Place of publication, distribution, etc. | London |
| Name of publisher, distributor, etc. | RICS |
| Date of publication, distribution, etc. | September 2013 |
| 300 ## - PHYSICAL DESCRIPTION | |
| Extent | 80p. |
| 490 #0 - SERIES STATEMENT | |
| Series statement | RICS Research |
| 520 ## - SUMMARY, ETC. | |
| Summary, etc. | The research undertaken has relevance for RICS in highlighting the importance of the links between the curricula of accredited courses and the APC competencies (Assessment of Professional Competence). The paper raises a number of pertinent recommendations, and through current developments in relation to RICS accreditation policy, have already been addressed in a proactive and positive way by the RICS. The research was independently carried out through the funding support of the RICS Research Trust and therefore provides an independent, arm’s length review of the issues surrounding competency mapping framework in RICS accredited courses. |
| 650 24 - SUBJECT ADDED ENTRY--TOPICAL TERM | |
| Topical term or geographic name entry element | SURVEYING PROFESSION |
| 650 24 - SUBJECT ADDED ENTRY--TOPICAL TERM | |
| Topical term or geographic name entry element | EDUCATION |
| 650 24 - SUBJECT ADDED ENTRY--TOPICAL TERM | |
| Topical term or geographic name entry element | APC |
| 651 #4 - SUBJECT ADDED ENTRY--GEOGRAPHIC NAME | |
| Geographic name | United Kingdom |
| 690 ## - LOCAL SUBJECT ADDED ENTRY--TOPICAL TERM (OCLC, RLIN) | |
| Topical term or geographic name as entry element | RICS |
| 9 (RLIN) | 6277 |
| 700 1# - ADDED ENTRY--PERSONAL NAME | |
| Personal name | Perera, Srinath |
| 700 1# - ADDED ENTRY--PERSONAL NAME | |
| Personal name | Pearson, John |
| 700 1# - ADDED ENTRY--PERSONAL NAME | |
| Personal name | Zhou, Lei |
| 700 1# - ADDED ENTRY--PERSONAL NAME | |
| Personal name | Ekundayo, Damilola |
| 700 1# - ADDED ENTRY--PERSONAL NAME | |
| Personal name | Eriksson, Clare |
| 700 1# - ADDED ENTRY--PERSONAL NAME | |
| Personal name | Rowlands, James |
| 700 1# - ADDED ENTRY--PERSONAL NAME | |
| Personal name | Johal, Amanprit |
| 856 48 - ELECTRONIC LOCATION AND ACCESS | |
| Uniform Resource Identifier | <a href="http://www.propertyresearchtrust.org/uploads/1/3/4/8/134819607/competency_mapping_framework.pdf">http://www.propertyresearchtrust.org/uploads/1/3/4/8/134819607/competency_mapping_framework.pdf</a> |
| Public note | Available from the Property Research Trust |
| 942 ## - ADDED ENTRY ELEMENTS (KOHA) | |
| Suppress in OPAC | 0 |
| Source of classification or shelving scheme | Dewey Decimal Classification |
| Withdrawn status | Lost status | Damaged status | Not for loan | Home library | Current library | Shelving location | Date acquired | Total Checkouts | Date last seen | Price effective from | Koha item type |
|---|---|---|---|---|---|---|---|---|---|---|---|
| Virtual | Virtual | Online | 02/01/2024 | 02/01/2024 | 02/01/2024 | Online material |